000 00279nam a2200109Ia 4500
008 200302s9999 xx 000 0 und d
100 _aChung
245 _aLandscape architecture sanitas studio house landscape vol 67
260 _bA B C Publishing
260 _c2012
300 _a183
999 _c6352
_d6352